LEADER 01365nam a2200289 u 4500 001 000000024648 003 CaOOAMICUS 005 20070226111356.0 008 950608s1960 ie ab u000 u eng u 035 $a10626984 040 $aPUL(R)$bita 041 1 $aeng$alat 100 0 $aSimon Simeonis,$cO.F.M.,$df. 1322.$0(OLS)http://pul/name/20537 245 10$aItinerarium Symonis Semeonis ab Hybernia ad Terram Sanctam /$cedited by Mario Esposito. 260 $aDublin :$bThe Dublin Institute for Advanced Studies,$c1960. 300 $a[10], 127, [1] p. :$bant. (c. geogr.) ;$c25 cm 490 1 $aScriptores Latini Hiberniae ;$v4 500 $aContiene indici. 650 4$aPellegrini e pellegrinaggi$zPalestina.$0(OLS)http://pul/subject/671 651 4$aPalestina$xDescrizione e viaggi.$0(OLS)http://pul/subject/672 700 1 $aEsposito, Mario,$d1887-1975.$0(OLS)http://pul/name/20538 830 0$aScriptores Latini Hiberniae ;$v4.$0(OLS)http://pul/title/6221 850 $aPUL 852 $aPUL$W1$xSL Cons. Gen., Altre Classi 1$y1$m2003.B$j6042$nBK-PRI$b $qStampati$B34501$CPULBib$Z2$F34501 $HPUL28170 $81 941 1 $a8 996 $6245$aItinerarium Symonis Semeonis ab Hybernia ad Terram Sanctam$9(OLS)http://pul/title/34055 996 $6260$aDublin :$bThe Dublin Institute for Advanced Studies$9(OLS)http://pul/publisher/50348 LEADER 01078nam a2200241 u 4500 001 000000109768 003 CaOOAMICUS 005 20080214135515.0 008 080214s2007 it u000 u ita u 020 $z978-88-13-27912-7* 040 $aPUL$bita$dMCT 245 00$aCodice commentato dei reati e degli illeciti ambientali /$ca cura di Fausto Giunta ; coordinatori Costanza Bernasconi Dario Micheletti. 250 $a2. ed. rinnovata e ampliata. 260 $aPadova :$bCEDAM,$c2007. 300 $aXVI, 1789 p. ;$c25 cm. 650 4$aDiritto penale$zItalia.$0(OLS)http://pul/subject/10217 700 1 $aGiunta, Fausto.$0(OLS)http://pul/name/67262 850 $aPUL 852 $aPUL$W1$xSL Diritto e Scienze Sociali 3$y79$m348. 45 COD 1.3.1$j125631$qDDC 21$B124357$CPULBib$Z2$F124357 $H106243 $82 941 1 $a9 996 $6020$z978-88-13-27912-7*$9(OLS)http://pul/number/137104 996 $6245$aCodice commentato dei reati e degli illeciti ambientali$9(OLS)http://pul/title/138050 996 $6260$aPadova :$bCEDAM$9(OLS)http://pul/publisher/48126